La aventura ignaciana : cómo vivir los ejercicios espirituales de san Ignacionde Loyola en el día a día /

Guardado en:
Detalles Bibliográficos
Autor principal: O'Brien, Kevin (autor)
Formato: Libro
Idioma:Español
Publicado: Chicago, EUA : Loyola Press, 2017, c2017
Temas:
Acceso en línea:Ver documento en línea
Etiquetas: Agrega una etiqueta
Sin etiquetas, Sé el primero en etiquetar este registro!

MARC

LEADER 00000nam^a2200000^a^4500
001 000632358
005 20260526114108.0
009 20260526154620.639
020 |a 978-0-8294-4520-6 
037 |a Acervo ITESO - Biblioteca 
041 |a ESP 
082 |a 255. 53  |b OBR 
100 |a O'Brien, Kevin  |e (autor) 
245 1 3 |a La aventura ignaciana :  |b cómo vivir los ejercicios espirituales de san Ignacionde Loyola en el día a día /  |c K. O'Brien 
264 4 |a Chicago, EUA :  |b Loyola Press,  |c 2017, c2017 
264 2 |a Birmingham, EUA :  |b EBSCOhost [distribución],  |c 2026 
300 |a 1 libro electrónico en línea (IX, 277 p.) 
300 |a 1 recurso en línea 
336 |a datos para computadora  |b cod  |2 rdacontenido 
337 |a computadora  |b c  |2 rdamedio 
338 |a recurso en línea  |b cr  |2 rdasoporte 
500 |a Traducción de: The Ignatian Adventure: Experiencing the Spiritual Exercises of Saint Ignatius in Daily Life 
506 1 |a 1 licencia 
521 |a Peticiones 2026 
649 |a XX 
650 |a Jesuitas 
650 |a Santos Españoles 
650 |a Monasticismo y Ordenes Religiosas 
650 |a Ejercicios Ignacianos 
650 |a Ejercicios Espirituales -  |x Tema Principal 
650 |a Espiritualidad 
650 |a Vida Cotidiana 
650 |a Iglesia Católica 
650 |a Catolicismo 
650 |a Cristianismo 
650 |a Religión 
600 |a Ignacio de Loyola,  |c Santo 
856 4 0 |u http://ezproxy.iteso.mx/login?url=https://search.ebscohost.com/login.aspx?direct=true&scope=site&db=nlebk&db=nlabk&AN=1563472  |y Ver documento en línea 
910 |a Fondo General 
920 |a Electrónicos - Libros en Línea 
930 |a Plataforma Digital 
905 |a 205 
901 |a 632358-1  |b IT2  |c EBO  |i C  |u 20260525 
902 |a https://opac.biblio.iteso.mx/vufind/Record/000632358